| 000 | 00396nam a2200145 i 4500 | ||
|---|---|---|---|
| 001 | 44861 | ||
| 003 | ES-MaACL | ||
| 007 | t| | ||
| 008 | 030324s1974 fr ||||1| fre d | ||
| 100 | 1 |
_aClosets, François de. _939291 |
|
| 245 | 1 | 3 |
_aLe bonheur en plus... / _cFrançois de Closets. |
| 260 |
_a[París] : _bDenoël, _c[1974] |
||
| 300 |
_a347 p. ; _c23 cm. |
||
| 852 |
_aES-MaACL _jE-5341 _bR.89701 |
||
| 999 |
_c44861 _d44861 |
||